MARC details
| 000 -LEADER |
| fixed length control field |
01804cam a22003135a 4500 |
| 001 - CONTROL NUMBER |
| control field |
ocm49907088 |
| 003 - CONTROL NUMBER IDENTIFIER |
| control field |
OSt |
| 005 - DATE AND TIME OF LATEST TRANSACTION |
| control field |
20180207133437.0 |
| 008 - FIXED-LENGTH DATA ELEMENTS--GENERAL INFORMATION |
| fixed length control field |
020409t2003 maua frb 001 0 eng d |
| 020 ## - INTERNATIONAL STANDARD BOOK NUMBER |
| International Standard Book Number |
0071232044 |
| 020 ## - INTERNATIONAL STANDARD BOOK NUMBER |
| International Standard Book Number |
9780071232043 |
| 040 ## - CATALOGING SOURCE |
| Original cataloging agency |
DLC |
| Transcribing agency |
DLC |
| Modifying agency |
UKM |
| -- |
NOR |
| -- |
OCLCQ |
| -- |
IUL |
| -- |
EG-ScBUE |
| Language of cataloging |
eng |
| 082 04 - DEWEY DECIMAL CLASSIFICATION NUMBER |
| Edition number |
22 |
| Classification number |
338.5 |
| Item number |
FRA |
| 100 1# - MAIN ENTRY--PERSONAL NAME |
| Personal name |
Frank, Robert H. |
| 245 10 - TITLE STATEMENT |
| Title |
Microeconomics and behavior / |
| Statement of responsibility, etc |
Robert H. Frank. |
| 250 ## - EDITION STATEMENT |
| Edition statement |
5th ed., International ed. |
| 260 ## - PUBLICATION, DISTRIBUTION, ETC. (IMPRINT) |
| Place of publication, distribution, etc |
Boston : |
| Name of publisher, distributor, etc |
McGraw-Hill/Irwin, |
| Date of publication, distribution, etc |
c.2003. |
| 300 ## - PHYSICAL DESCRIPTION |
| Extent |
xxiv, 696 p. : |
| Other physical details |
ill. ; |
| Dimensions |
26 cm. |
| 504 ## - BIBLIOGRAPHY, ETC. NOTE |
| Bibliography, etc |
Includes bibliographical references and index. |
| 505 00 - FORMATTED CONTENTS NOTE |
| Miscellaneous information |
ch. 1. |
| Title |
Thinking like an economist -- |
| Miscellaneous information |
ch. 2. |
| Title |
Supply and demand -- |
| Miscellaneous information |
ch. 3. |
| Title |
Rational consumer choice -- |
| Miscellaneous information |
ch. 4. |
| Title |
Individual and market demand -- |
| Miscellaneous information |
ch. 5. |
| Title |
Applications of rational choice and demand theories -- |
| Miscellaneous information |
ch. 6. The |
| Title |
economics of information and choice under uncertainty -- |
| Miscellaneous information |
ch. 7. |
| Title |
Explaining tastes : the importance of altruism and other nonegoistic behavior -- |
| Miscellaneous information |
ch. 8. |
| Title |
Cognitive limitations and consumer behavior -- |
| Miscellaneous information |
ch. 9. |
| Title |
Production -- |
| Miscellaneous information |
ch. 10. |
| Title |
Costs -- |
| Miscellaneous information |
ch. 11. |
| Title |
Perfect competition -- |
| Miscellaneous information |
ch. 12. |
| Title |
Monopoly -- |
| Miscellaneous information |
ch. 13. |
| Title |
Imperfect competition : a game-theoretic approach -- |
| Miscellaneous information |
ch. 14. |
| Title |
Labor -- |
| Miscellaneous information |
ch. 15. |
| Title |
Capital -- |
| Miscellaneous information |
ch. 16. |
| Title |
General equilibrium and market efficiency -- |
| Miscellaneous information |
ch. 17. |
| Title |
Externalities, property rights, and the Coase theorem -- |
| Miscellaneous information |
ch. 18. |
| Title |
Government. |
| 650 #7 - SUBJECT ADDED ENTRY--TOPICAL TERM |
| Topical term or geographic name as entry element |
Microeconomics. |
| Source of heading or term |
BUEsh |
| 9 (RLIN) |
5599 |
| 650 #7 - SUBJECT ADDED ENTRY--TOPICAL TERM |
| Topical term or geographic name as entry element |
Economic man. |
| Source of heading or term |
BUEsh |
| 9 (RLIN) |
3239 |
| 650 #7 - SUBJECT ADDED ENTRY--TOPICAL TERM |
| Topical term or geographic name as entry element |
Self-interest. |
| Source of heading or term |
BUEsh |
| 650 #7 - SUBJECT ADDED ENTRY--TOPICAL TERM |
| Topical term or geographic name as entry element |
Consumer behavior. |
| Source of heading or term |
BUEsh |
| 9 (RLIN) |
12283 |
| 650 #7 - SUBJECT ADDED ENTRY--TOPICAL TERM |
| Topical term or geographic name as entry element |
Microeconomics |
| Form subdivision |
Examinations, questions, etc. |
| Source of heading or term |
BUEsh |
| 9 (RLIN) |
3242 |
| 650 #7 - SUBJECT ADDED ENTRY--TOPICAL TERM |
| Topical term or geographic name as entry element |
Economic man |
| Form subdivision |
Examinations, questions, etc. |
| Source of heading or term |
BUEsh |
| 9 (RLIN) |
3243 |
| 653 ## - INDEX TERM--UNCONTROLLED |
| Resource For college |
BAEPS, Business Administration |
| -- |
Generalities |
| Arrived date list |
February2018 |
| 942 ## - ADDED ENTRY ELEMENTS (KOHA) |
| Source of classification or shelving scheme |
Dewey Decimal Classification |